000 00869cam a22002893a 4500
001 7874
003 PGUSA
005 20140828083150.0
008 050401s2005||||xxu|||||s|||||000 1 eng d
040 _aPGUSA
_beng
042 _adc
050 4 _aPR
100 1 _aConrad, Joseph,
_d1857-1924
245 1 0 _aLord Jim
_h[electronic resource] /
_cJoseph Conrad
260 _bProject Gutenberg,
_c2005
506 _aCopyrighted. Read the copyright notice inside this book for details.
516 _aElectronic text
653 _aMerchant marine -- Officers -- Fiction
653 _aIndonesia -- Fiction
653 _aBritish -- Indonesia -- Fiction
653 _aCowardice -- Fiction
653 _aAtonement -- Fiction
653 _aPsychological fiction
830 0 _aProject Gutenberg
_v7874
856 4 0 _uhttp://www.gutenberg.org/ebooks/7874
942 _cAB
999 _c237174
_d237174